01365nab a22002537a 4500999001500000003000400015005001700019008004100036040000700077100003700084245011500121260007300236300001300309500003900322505034600361505008200707650002300789650002600812650003700838650003500875650002800910773016000938942001301098 c5595d5595OSt20251219180356.0190429b xxu||||| |||| 00| 0 spa d cPJ 96574aFrezza, Ángeles Belén 10aMasculinidades migrantes y trata. Víctimas invisibles frente al enfoque binario /cÁngeles Belén Frezza. cCiudad Autónoma de Buenos Aires :aThomson Reuters La Ley, b2025. ap. 26-34 a Cita: TR LALEY AR/DOC/2850/2025 . a Sumario: I. Objetivo.— II. Introducción.— III. La víctima ideal y el enfoque jurídico de la trata.— IV. Masculinidad como obstáculo jurídico y político.— V. Trata, migración y cuerpos racializados. Entre la movilidad y el castigo.— VI. Desafíos pendientes. Hacia una justicia que no excluya.— VII. Conclusiones.  tSi te interesa el texto completo, solicitalo a koha@justierradelfuego.gov.ar  09343aDERECHO PENAL 09614aDERECHOS HUMANOS 092685aDELITOS CONTRA LA LIBERTAD 094885aDERECHOS DE LA VÍCTIMA 093056aTRATA DE PERSONAS0 0265893164tRevista de derecho penal y criminología. Nº 11 - Diciembre 2025dCiudad Autónoma de Buenos Aires : Thomson Reuters La Ley, 2017-x00347914 2udccANA